Probability and statistics / (Record no. 22422)

MARC details
000 -LEADER
fixed length control field 02151cam a22004095i 4500
001 - CONTROL NUMBER
control field 17449742
003 - CONTROL NUMBER IDENTIFIER
control field EG-ScBUE
005 - DATE AND TIME OF LATEST TRANSACTION
control field 20250213100118.0
008 - FIXED-LENGTH DATA ELEMENTS--GENERAL INFORMATION
fixed length control field 120831t2013 nyua fr 001 0 eng d
020 ## - INTERNATIONAL STANDARD BOOK NUMBER
International Standard Book Number 9780071795579 (pbk : acid-free paper)
020 ## - INTERNATIONAL STANDARD BOOK NUMBER
International Standard Book Number 0071795579
040 ## - CATALOGING SOURCE
Original cataloging agency EG-ScBUE
Language of cataloging eng
Transcribing agency EG-ScBUE
Modifying agency EG-ScBUE
Description conventions rda
082 04 - DEWEY DECIMAL CLASSIFICATION NUMBER
Classification number 519.2076
Item number SPI
Edition number 22
100 1# - MAIN ENTRY--PERSONAL NAME
Personal name Spiegel, Murray R.
9 (RLIN) 2617
Relator term author.
245 10 - TITLE STATEMENT
Title Probability and statistics /
Statement of responsibility, etc Murray R. Spiegel, Ph.D., Former Professor and Chairman of Mathematics, Rensselaer Polytechnic Institute, Harford Graduate Center, John J. Schiller, Ph.D., Associate Professor of Mathematics, Temple University, R. Alu Srinivasan, Ph.D., Professor of Mathematics, Temple University.
250 ## - EDITION STATEMENT
Edition statement Fourth edition.
264 #1 - PUBLICATION, DISTRIBUTION, ETC. (IMPRINT)
Place of publication, distribution, etc New York :
Name of publisher, distributor, etc McGraw-Hill,
Date of publication, distribution, etc [2013]
264 #4 - PUBLICATION, DISTRIBUTION, ETC. (IMPRINT)
Date of publication, distribution, etc c2013.
300 ## - PHYSICAL DESCRIPTION
Extent vii, 424 pages :
Other physical details illustrations ;
Dimensions 28 cm.
336 ## - CONTENT TYPE
Source rdacontent
Content type term text
Content type code txt
337 ## - MEDIA TYPE
Media type term unmediated
Source rdamedia
Media type code n
338 ## - CARRIER TYPE
Carrier type term volume
Carrier type code nc
Source rdacarrier
490 0# - SERIES STATEMENT
Series statement Schaum’s outline series
500 ## - GENERAL NOTE
General note Index : pages 420-424.
500 ## - GENERAL NOTE
General note Appendix : pages 411-419.
505 0# - FORMATTED CONTENTS NOTE
Formatted contents note Part I: Probability -- Basic Probability -- Random Variables and Probability Distributions -- Mathematical Expectation -- Special Probability Distributions -- Part II: Statistics -- Sampling Theory -- Estimation Theory -- Tests of Hypotheses and Significance -- Curve Fitting, Regression, and Correlation -- Analysis of Variance -- Nonparametric Tests -- Bayesian Methods.
520 ## - SUMMARY, ETC.
Summary, etc A study-guide to probability and statistics that includes coverage of course concepts and 897 fully solved problems.
650 #7 - SUBJECT ADDED ENTRY--TOPICAL TERM
Topical term or geographic name as entry element Probabilities
Form subdivision Problems, exercises, etc.
Source of heading or term BUEsh
9 (RLIN) 41266
650 #7 - SUBJECT ADDED ENTRY--TOPICAL TERM
Topical term or geographic name as entry element Probabilities
Form subdivision Outlines, syllabi, etc.
Source of heading or term BUEsh
9 (RLIN) 41267
650 #7 - SUBJECT ADDED ENTRY--TOPICAL TERM
Topical term or geographic name as entry element Mathematical statistics
Form subdivision Problems, exercises, etc.
Source of heading or term BUEsh
9 (RLIN) 41268
650 #7 - SUBJECT ADDED ENTRY--TOPICAL TERM
Topical term or geographic name as entry element Mathematical statistics
Form subdivision Outlines, syllabi, etc.
Source of heading or term BUEsh
9 (RLIN) 41269
653 ## - INDEX TERM--UNCONTROLLED
Resource For college Engineering, Electrical
Arrived date list September2016
655 ## - INDEX TERM--GENRE/FORM
Form subdivision Reading book
9 (RLIN) 34232
700 1# - ADDED ENTRY--PERSONAL NAME
Personal name Schiller, John J.
9 (RLIN) 2621
Relator term author.
700 1# - ADDED ENTRY--PERSONAL NAME
Personal name Srinivasan, R. Alu.
9 (RLIN) 2620
Relator term author.
942 ## - ADDED ENTRY ELEMENTS (KOHA)
Source of classification or shelving scheme Dewey Decimal Classification
Koha item type Book - Borrowing
Holdings
Withdrawn status Lost status Source of classification or shelving scheme Damaged status Not for loan Collection code Home library Current library Shelving location Date acquired Source of acquisition Cost, normal purchase price Total Checkouts Total Renewals Full call number Barcode Date last seen Date checked out Koha item type
    Dewey Decimal Classification     Baccah Central Library Central Library First floor 27/09/2016 Purchase 280.00 2 30 519.2076 SPI 000033723 15/07/2025 23/10/2023 Book - Borrowing